00639nam a22002057a 4500010001100000020000700011035001100018037001600029040001200045082001700057100001600074245011100090246000600201260004400207270005200251300002400303500005000327650002700377650002900404 a822173 c00 a822173 bCen Lib/Ret aDPLbEN a329.954bMIS aMisra, B.B. aThe indian political parties :cby B.B. Misra ban historical analysis of political behaviour up to 1947 / b  bOxford University Press c1976a Delhi  b Delhi e110002a2/11, ansari road dariya ganj  axv, 665p.c21cm(Hb) aIncludes bibliographical references and index aPolitical Sciences z  aBureaucratic Dominances